[Event "Preferente"]
[Site ""]
[Date "????.??.??"]
[Round "2.12"]
[White "SARTO Ángel"]
[Black "LÓPEZ Fernando"]
[Result "1/2-1/2"]
[WhiteElo "1942"]
[BlackElo "2020"]

1.Nf3 Nf6 2.g3 g6 3.Bg2 Bg7 4.O-O O-O 5.c4 d6 6.Nc3 c6 7.e4 Nbd7 8.d3 Re8 9.
Be3 Qc7 10.h3 b6 11.Qd2 Bb7 12.Rac1 a5 13.a4 Nc5 14.Qc2 Ncd7 15.Nd4 e5 16.Nde2
Nc5 17.f4 Na6 18.f5 Nb4 19.Qd2 1/2-1/2

[Event "Preferente"]
[Site ""]
[Date "????.??.??"]
[Round "2.13"]
[White "ROQUE José Luis"]
[Black "GASPAR Luis Alberto"]
[Result "1-0"]
[WhiteElo "1988"]
[BlackElo "1944"]

1.e4 e6 2.d4 d5 3.Nd2 Be7 4.Bd3 Nf6 5.e5 Nfd7 6.Ne2 c5 7.c3 b6 8.O-O Ba6 9.Bc2
cxd4 10.cxd4 Bxe2 11.Qxe2 Nc6 12.Nb3 Rc8 13.Be3 O-O 14.Rac1 f5 15.exf6 Nxf6
16.Bg5 Qd6 17.Rfe1 Nb4 18.Bb1 Rxc1 19.Nxc1 Nc6 20.Nb3 Nd8 21.h4 h6 22.Bd2 a5
23.g3 h5 24.Qd3 Ne4 25.Re2 Rf5 26.Bf4 Rxf4 27.gxf4 Qxf4 28.Qe3 Qg4+ 29.Kf1 a4
30.Bxe4 axb3 31.Bxd5 exd5 32.Qxe7 Qh3+ 33.Ke1 bxa2 34.Qe8+ 1-0

[Event "Preferente"]
[Site ""]
[Date "????.??.??"]
[Round "2.14"]
[White "ROMÓN Raúl"]
[Black "SERRAT David"]
[Result "1-0"]
[WhiteElo "2362"]
[BlackElo "1820"]

1.e4 e5 2.Bc4 Nf6 3.d3 c6 4.Nf3 d5 5.Bb3 Bb4+ 6.Bd2 Bxd2+ 7.Qxd2 Nbd7 8.Nc3
dxe4 9.Ng5 O-O 10.Ngxe4 Nxe4 11.Nxe4 Nf6 12.Nxf6+ Qxf6 13.O-O a5 14.a4 Qd6 15.
Qc3 Re8 16.Rae1 Bf5 17.Re3 Kf8 18.Rfe1 f6 19.Qd2 Bg6 20.Qd1 Qd7 21.h4 Rad8 22.
h5 Bf7 23.Bxf7 Kxf7 24.h6 g6 25.Qd2 b6 26.Qc3 Qd5 27.f4 exf4 28.Rxe8 Rxe8 29.
Rxe8 Kxe8 30.Qxf6 Qc5+ 31.Kf1 Kd7 32.Qf7+ Qe7 33.Qxf4 Qc5 34.Qf7+ Kd6 35.Qf8+
Kd5 36.Qxc5+ Kxc5 37.c3 b5 38.b3 Kd5 39.Ke2 bxa4 40.bxa4 Ke5 41.Ke3 c5 42.d4+
cxd4+ 43.cxd4+ Kd5 44.Kd3 g5 45.g4 Kd6 46.Ke4 Ke6 47.d5+ Kd6 48.Kd4 Kd7 49.Ke5
Ke7 50.d6+ 1-0

[Event "Preferente"]
[Site ""]
[Date "????.??.??"]
[Round "2.16"]
[White "MARTÍNEZ Juan Miguel"]
[Black "SORIANO Manuel"]
[Result "1-0"]
[WhiteElo "2080"]
[BlackElo "1871"]

1.c4 c6 2.g3 Nf6 3.Bg2 d5 4.Nf3 Bf5 5.cxd5 Nxd5 6.d3 Bg4 7.Nc3 e6 8.O-O Bd6 9.
e4 Ne7 10.d4 O-O 11.Be3 Nd7 12.Rc1 a6 13.Qb3 b5 14.e5 Bb8 15.Ne4 Nb6 16.Bg5
Nc4 17.Qb4 Nd5 18.Bxd8 Nxb4 19.Be7 Nd3 20.Bxf8 Nxc1 21.Rxc1 Kxf8 22.b3 Na5 23.
Ne1 Ba7 24.Nc5 Rc8 25.f3 Bf5 26.Kf2 Ke7 27.f4 Bb6 28.Ke3 Ra8 29.Nf3 h6 30.Nd2
Rc8 31.b4 Bxc5 32.Rxc5 Nb7 33.Rxc6 Rxc6 34.Bxc6 Nd8 35.Bf3 f6 36.Nb3 g5 37.Nc5
g4 38.Bg2 Bb1 39.a3 f5 40.d5 exd5 41.Bxd5 h5 42.Kd4 Bc2 43.Nxa6 Bd1 44.Nc7 Be2
45.Kc5 Bf3 46.Nxb5 Bxd5 47.Kxd5 Ne6 48.Nd4 Nxf4+ 49.gxf4 h4 50.Nxf5+ 1-0

[Event "Preferente"]
[Site ""]
[Date "????.??.??"]
[Round "2.17"]
[White "ARJOL Daniel"]
[Black "FERNÁNDEZ Rafael"]
[Result "1-0"]
[WhiteElo "1878"]
[BlackElo "2070"]

1.c4 e5 2.g3 f5 3.Bg2 Nf6 4.Nc3 Bc5 5.d3 O-O 6.Nf3 Nc6 7.O-O h6 8.a3 a5 9.e3
Qe7 10.d4 Ba7 11.Nd5 Nxd5 12.cxd5 e4 13.Nh4 Nxd4 14.exd4 Qf6 15.Qh5 Bxd4 16.
Rd1 c5 17.d6 Qxd6 18.Be3 g5 19.Bxg5 hxg5 20.Qxg5+ Kf7 21.Qh5+ Ke6 22.Bh3 Kd5
23.Nxf5 Qe5 24.Rxd4+ cxd4 25.Ne3+ dxe3 26.Rd1+ Kc6 27.Qxe5 exf2+ 28.Kf1 Rd8
29.Rc1+ Kb6 30.Qc7+ Ka6 31.Qxd8 1-0

[Event "Preferente"]
[Site ""]
[Date "????.??.??"]
[Round "2.18"]
[White "LACRUZ Álvaro"]
[Black "LEBRÓN José María"]
[Result "1-0"]
[WhiteElo "1959"]
[BlackElo "1818"]

1.e4 e5 2.Nf3 Nc6 3.Bc4 Be7 4.O-O Nf6 5.Nc3 O-O 6.d4 d6 7.h3 exd4 8.Nxd4 Nxd4
9.Qxd4 b6 10.Bf4 Bb7 11.Rad1 Nd7 12.Nd5 Bf6 13.Nxf6+ Qxf6 14.Qxf6 gxf6 15.f3
Ne5 16.Bd5 Ba6 17.Bxa8 Bxf1 18.Kxf1 Rxa8 19.b3 Kf8 20.Bc1 Ke7 21.Bb2 a5 22.a4
Rg8 23.Kf2 Ke6 24.f4 Nd7 25.Rd5 Nc5 26.Kf3 Rg3+ 27.Kxg3 Nxe4+ 28.Kf3 Kxd5 29.
c4+ Kc5 30.Kxe4 Kb4 31.Bxf6 c6 32.Bd8 Kxb3 33.Bxb6 Kxa4 34.Bc7 Kb3 35.Kd4 1-0

[Event "Preferente"]
[Site ""]
[Date "????.??.??"]
[Round "2.19"]
[White "NAVARRO Jesús"]
[Black "DAN Teodor"]
[Result "0-1"]
[WhiteElo "1850"]
[BlackElo "1945"]

1.e4 d6 2.d4 Nf6 3.Nc3 g6 4.Be3 Bg7 5.f3 O-O 6.Qd2 e5 7.O-O-O exd4 8.Bxd4 Nc6
9.Be3 Be6 10.g4 a6 11.g5 Nd7 12.h4 b5 13.Nd5 b4 14.h5 a5 15.hxg6 hxg6 16.Qh2
Re8 17.Nh3 Nce5 18.Be2 c6 19.Nf6+ Nxf6 20.gxf6 Qxf6 21.Nf4 Bxa2 22.Qh7+ Kf8
23.Rdg1 Nc4 24.Qh8+ Bxh8 25.Rxh8+ Qxh8 0-1

[Event "Preferente"]
[Site ""]
[Date "????.??.??"]
[Round "2.20"]
[White "MONTES Diego"]
[Black "DE LA RIVA Eduardo"]
[Result "1/2-1/2"]
[WhiteElo "1819"]
[BlackElo "1933"]

1.e4 e6 2.d4 d5 3.exd5 exd5 4.Bd3 Bd6 5.c3 Ne7 6.Nf3 Bf5 7.Bxf5 Nxf5 8.O-O O-O
9.Qd3 Ne7 10.Bg5 f6 11.Bh4 Nd7 12.Bg3 Re8 13.Bxd6 cxd6 14.Na3 Nb6 15.Nd2 a6
16.Nc2 Qd7 17.Ne3 Rac8 18.f4 f5 19.Rf3 Rf8 20.Rg3 Rf6 21.Rf1 Qb5 22.Qxb5 axb5
23.a3 Re6 24.Kf2 Kf7 25.Nf3 h6 26.Ne1 g6 27.Rh3 Kg7 28.Nd3 Ng8 29.Re1 Rce8 30.
Nc2 Nf6 31.Rxe6 Rxe6 32.Kg1 Re2 33.Nde1 Nc4 34.Kf1 Re4 35.Nd3 Nh5 36.b3 Nd2+
37.Kf2 Nxb3 38.Re3 Nxf4 39.Nxf4 Rxf4+ 40.Ke1 Kf7 41.Nb4 Re4 42.Nxd5 Rxe3+ 43.
Nxe3 Ke6 44.g3 Na5 45.Ke2 Nc4 46.Nc2 Kd5 47.Kf3 Nb6 48.Ne3+ Ke6 49.Ke2 Nd5 50.
Nd1 Nb6 51.Ne3 Nc4 52.Nc2 Nb6 53.Ne3 g5 54.Kd3 d5 55.Ke2 Na4 56.Nd1 Kf6 57.Kf3
Ke6 58.Ke2 Kd6 59.Kf2 Kd7 60.Kf3 Ke7 61.Ke2 Kf7 62.Kf2 Kf6 63.Kf3 Ke7 64.Ke2
Kd7 65.Kf2 Kd6 66.Kf3 Ke6 67.Ke2 Nb6 68.Ne3 Nc4 69.Nc2 1/2-1/2

[Event "Preferente"]
[Site ""]
[Date "????.??.??"]
[Round "2.21"]
[White "CIRERA Alberto"]
[Black "SOLERA Roberto"]
[Result "1-0"]
[WhiteElo "1817"]
[BlackElo "1919"]

1.e4 d5 2.d4 e6 3.e5 c5 4.c3 Nc6 5.Nf3 Bd7 6.a3 f6 7.Bd3 cxd4 8.cxd4 Qb6 9.O-O
Be7 10.b4 Nxd4 11.Nxd4 Qxd4 12.Bg6+ 1-0

[Event "Preferente"]
[Site ""]
[Date "????.??.??"]
[Round "2.22"]
[White "TORCAL Alfonso"]
[Black "ÁLVAREZ Miguel Ángel"]
[Result "1/2-1/2"]
[WhiteElo "1728"]
[BlackElo "1907"]

1.c4 Nf6 2.Nc3 g6 3.g3 Bg7 4.Bg2 O-O 5.Nf3 c6 6.e4 d5 7.cxd5 cxd5 8.e5 Ne4 9.
d4 Qa5 10.Qb3 e6 11.O-O Nc6 12.Be3 f5 13.Rfd1 a6 14.Rac1 h6 15.Nd2 Nxc3 16.
Qxc3 Qxc3 17.Rxc3 Bd7 18.f4 Rac8 19.Nb3 b6 20.a3 Na7 21.Rdc1 Rxc3 22.Rxc3 Nb5
23.Rc2 1/2-1/2

[Event "Preferente"]
[Site ""]
[Date "????.??.??"]
[Round "3.1"]
[White "GOÑI Pablo"]
[Black "CHUECA Javier"]
[Result "1/2-1/2"]
[WhiteElo "2008"]
[BlackElo "2029"]

1.g3 g6 2.Bg2 Bg7 3.Nf3 Nf6 4.O-O O-O 5.d4 d5 6.Bg5 Bg4 7.h3 Bxf3 8.Bxf3 h6 9.
Bxf6 Bxf6 10.e3 c6 11.Nd2 Nd7 12.Bg2 Bg7 13.Nf3 Qc7 14.Qd2 Rfe8 15.Rac1 Rad8
16.Rfd1 e5 17.dxe5 Nxe5 18.Nxe5 Qxe5 19.c3 1/2-1/2

[Event "Preferente"]
[Site ""]
[Date "????.??.??"]
[Round "3.2"]
[White "PALOMAR Santiago"]
[Black "PALACIOS Pablo"]
[Result "0-1"]
[WhiteElo "1957"]
[BlackElo "2021"]

1.e4 e6 2.Nf3 d5 3.Nc3 Nf6 4.e5 Nfd7 5.d3 c5 6.Bf4 Nc6 7.Qd2 a6 8.O-O-O b5 9.
Kb1 b4 10.Ne2 Qc7 11.d4 c4 12.Nc1 c3 13.bxc3 bxc3 14.Qxc3 Bb4 15.Qb2 Nb6 16.
Bd2 Na4 17.Qb3 Bxd2 18.Qxa4 Rb8+ 19.Nb3 Bb4 20.Ne1 Bd7 21.Qxa6 Nxd4 22.Rxd4
Bxe1 23.Qd6 Qxd6 24.exd6 Bxf2 25.Rg4 O-O 26.Be2 e5 27.Rf1 Bxg4 28.Bxg4 Bc5 29.
d7 Rfd8 30.c3 g6 31.Kc2 Bf8 32.Rf6 Kg7 33.Rc6 f5 34.Nc5 Bxc5 35.Rxc5 fxg4 36.
Rxd5 Kf6 37.c4 Rb7 0-1

[Event "Preferente"]
[Site ""]
[Date "????.??.??"]
[Round "3.4"]
[White "ROQUE José Luis"]
[Black "GINÉS Pedro"]
[Result "1-0"]
[WhiteElo "1988"]
[BlackElo "2040"]

1.e4 c6 2.d4 d5 3.Nc3 dxe4 4.Nxe4 Bf5 5.Ng3 Bg6 6.Nf3 Nd7 7.h4 h6 8.h5 Bh7 9.
Bd3 Bxd3 10.Qxd3 e6 11.Bd2 Ngf6 12.O-O-O Be7 13.Kb1 O-O 14.Qe2 Qc7 15.Ne5 c5
16.Nxd7 Qxd7 17.dxc5 Qc6 18.Bc3 Qxc5 19.Ne4 Qf5 20.Nxf6+ Bxf6 21.Bxf6 Qxf6 22.
Rd7 Rfb8 23.a3 b5 24.Rh3 Rf8 25.Rf3 Qg5 26.Rg3 Qf5 27.Qd2 Qe5 28.f4 Qc5 29.b4
Qc4 30.f5 Qf1+ 31.Ka2 Qxf5 32.Qxh6 Qxc2+ 33.Ka1 Qc3+ 34.Rxc3 gxh6 35.Rcc7 a5
36.Kb2 axb4 37.axb4 Rad8 38.Rxd8 Rxd8 39.Rc5 Rb8 40.Kc3 Kg7 41.Kd4 Kf6 42.Ke4
Rg8 43.Rxb5 Rxg2 44.Kf4 Rh2 45.Kg4 Rd2 46.Rb7 Rd4+ 47.Kg3 Rd5 48.Kg4 Rg5+ 49.
Kh4 Rf5 50.Kg4 Rf1 51.Rb5 Rf2 52.Rc5 Rb2 53.Rb5 Rb1 54.Rb7 Rg1+ 55.Kh4 Rf1 56.
Kg4 Ke5 57.b5 f5+ 58.Kg3 Rh1 59.b6 Rxh5 60.Ra7 Rh1 61.Ra5+ Kd6 62.Rb5 Rg1+ 63.
Kh4 Rg8 64.Kh5 Kc6 65.Re5 Kd6 66.Rb5 Re8 67.Kxh6 Kc6 68.Rb1 Rb8 69.Re1 Kd5 70.
Rb1 Kc5 71.b7 Kc6 72.Re1 {Tiempo} 1-0

[Event "Preferente"]
[Site ""]
[Date "????.??.??"]
[Round "3.5"]
[White "FABRE José María"]
[Black "MOMBIELA José Luis"]
[Result "1-0"]
[WhiteElo "2027"]
[BlackElo "1976"]

1.d4 f5 2.Nc3 Nf6 3.Bg5 d5 4.Bxf6 exf6 5.e3 Be6 6.Qf3 Qd7 7.Bb5 Nc6 8.Nge2 a6
9.Ba4 g6 10.Nf4 Rd8 11.h3 Bf7 12.g4 b5 13.Bb3 Ne7 14.Nd3 Bg7 15.Nc5 Qc6 16.a4
O-O 17.axb5 axb5 18.Ra6 Qe8 19.Ne2 fxg4 20.hxg4 g5 21.Ng3 Bg6 22.Ne6 f5 23.
Nxf8 Qxf8 24.gxf5 c6 25.Nh5 Bxf5 26.Nxg7 Kxg7 27.Ra7 Re8 28.Qg3 Qf6 29.Rg1 g4
30.Qe5 Qxe5 31.dxe5 Kh8 32.Rh1 Bg6 33.c3 Nf5 34.Bd1 g3 35.fxg3 Nxg3 36.Rh3 Ne4
37.Bh5 1-0

[Event "Preferente"]
[Site ""]
[Date "????.??.??"]
[Round "3.6"]
[White "JIMÉNEZ Alejandro"]
[Black "MUÑOZ Luis Alberto"]
[Result "0-1"]
[WhiteElo "2015"]
[BlackElo "1951"]

1.d4 Nf6 2.Nf3 g6 3.c4 Bg7 4.Nc3 O-O 5.e4 d6 6.Be2 Nbd7 7.O-O e5 8.d5 Nc5 9.
Nd2 a5 10.b3 Nfd7 11.a3 f5 12.f3 Nf6 13.Rb1 Bd7 14.b4 axb4 15.axb4 Na4 16.Qc2
Nxc3 17.Qxc3 Bh6 18.Qd3 Qe7 19.Nb3 Bxc1 20.Rfxc1 Nh5 21.c5 Nf4 22.Qc2 Qg5 23.
Bc4 fxe4 24.fxe4 Nh3+ 0-1

[Event "Preferente"]
[Site ""]
[Date "????.??.??"]
[Round "3.8"]
[White "DAN Teodor"]
[Black "ROMÓN Raúl"]
[Result "1/2-1/2"]
[WhiteElo "1945"]
[BlackElo "2362"]

1.d4 d5 2.Nf3 Nf6 3.e3 c5 4.b3 Nc6 5.Bb2 Bg4 6.Be2 e6 7.O-O Rc8 8.Nbd2 Bd6 9.
c4 cxd4 10.Nxd4 Bxe2 11.Qxe2 O-O 12.cxd5 Nxd4 13.Bxd4 Nxd5 14.Ne4 Bxh2+ 15.
Kxh2 Qh4+ 16.Kg1 Qxe4 17.Qb5 b6 18.Qa6 e5 19.f3 Qg6 20.Bxe5 Rc2 21.Rf2 Rfc8
22.Bd4 Ne7 23.e4 Qd6 24.Be3 Qd7 25.Qf1 f5 26.Rxc2 Rxc2 27.exf5 Nxf5 28.Bf2 h5
29.Rd1 Qe6 30.Re1 Qd6 31.a4 h4 32.Rd1 Qf4 33.Qd3 Ra2 34.Qd8+ Kh7 35.Qd3 Kh6
36.Re1 Rd2 37.Qe3 Nxe3 38.Bxe3 Rd4 39.Bxf4+ Rxf4 40.Re6+ g6 41.Re7 a5 42.Re3
Rd4 43.Kh2 Rb4 44.Kh3 g5 45.g3 Kg6 46.gxh4 gxh4 47.Rd3 Kg5 48.Rc3 Kf5 49.Rd3
Ke5 50.Kg2 Rd4 51.Rc3 Kd5 52.Kh3 Rb4 53.Rd3+ Kc5 54.Re3 Kd4 55.Re4+ Kc3 56.
Rxb4 axb4 57.f4 Kxb3 58.f5 Ka2 59.f6 b3 60.f7 b2 61.f8=Q b1=Q 62.Kxh4 Qe4+ 63.
Kh3 Qe6+ 64.Kg2 Qe4+ 65.Kh2 Kb3 66.Qd6 Qc2+ 67.Kh1 Qe4+ 68.Kh2 Qh7+ 69.Kg1
Qb1+ 70.Kg2 Kxa4 71.Qd4+ Ka3 72.Qc3+ Ka2 73.Qc4+ Ka1 74.Kh3 b5 75.Qc3+ Ka2 76.
Qa5+ Kb3 77.Qxb5+ Kc2 78.Qxb1+ Kxb1 1/2-1/2

[Event "Preferente"]
[Site ""]
[Date "????.??.??"]
[Round "3.9"]
[White "CARRUEZ Santiago"]
[Black "TORCAL Óscar"]
[Result "1-0"]
[WhiteElo "2082"]
[BlackElo "1969"]

1.e4 c5 2.d4 cxd4 3.c3 d3 4.Bxd3 Nc6 5.c4 d6 6.h3 g6 7.Nf3 Bg7 8.O-O Nf6 9.Nc3
O-O 10.Be3 Nd7 11.Rc1 Nc5 12.Bb1 a5 13.Qd2 Re8 14.Nd5 a4 15.Rfd1 Be6 16.Nd4
Bxd5 17.cxd5 Ne5 18.b4 axb3 19.axb3 Ned7 20.Bc2 Ra2 21.Qe1 Nf6 22.f3 Nfd7 23.
b4 Na6 24.Bb3 Ra3 25.Rb1 Nc7 26.Rdc1 Ra8 27.Rc2 Nf6 28.Rbc1 Na6 29.Ba4 Rf8 30.
Bb5 Qb6 31.Bxa6 Qxa6 32.Rc7 Rfd8 33.b5 Qa4 34.Qc3 Qa3 35.Rxb7 Nd7 36.Qxa3 Rxa3
37.Rxd7 Rb8 38.Bf2 Ra2 39.Be3 Ra3 40.Kf2 1-0

[Event "Preferente"]
[Site ""]
[Date "????.??.??"]
[Round "3.10"]
[White "ANTOÑANO Avelino"]
[Black "MARTÍNEZ Juan Miguel"]
[Result "1/2-1/2"]
[WhiteElo "1970"]
[BlackElo "2080"]

1.e4 c5 2.Nf3 g6 3.c3 d5 4.exd5 Qxd5 5.d4 Bg7 6.Na3 cxd4 7.Bc4 Qe4+ 8.Be3 Nh6
9.Nb5 O-O 10.cxd4 Nc6 11.Nc3 Qg4 12.O-O Nf5 13.h3 Qh5 14.Be2 Nxe3 15.fxe3 Qa5
16.Bc4 e6 17.a3 Bd7 18.Qe2 Rad8 19.b4 Qc7 20.Rac1 Qb8 21.Ng5 Ne7 22.Qf2 Nf5
23.Nge4 Bc6 24.Rcd1 b6 25.d5 exd5 26.Bxd5 Bxd5 27.Nxd5 Qe5 28.Ndf6+ Bxf6 29.
Nxf6+ Qxf6 30.e4 Rxd1 31.Rxd1 Rd8 32.Rxd8+ Qxd8 33.exf5 Qd1+ 34.Kh2 Qd6+ 35.
Qg3 Qxg3+ 36.Kxg3 Kg7 37.Kf4 1/2-1/2

[Event "Preferente"]
[Site ""]
[Date "????.??.??"]
[Round "3.11"]
[White "LÓPEZ Fernando"]
[Black "LACRUZ Álvaro"]
[Result "1/2-1/2"]
[WhiteElo "2020"]
[BlackElo "1959"]

1.e4 e6 2.d3 c5 3.g3 Nc6 4.Bg2 g6 5.f4 Bg7 6.Nf3 Nge7 7.O-O O-O 8.c3 d5 9.e5
b5 10.Be3 Qb6 11.b4 d4 12.bxc5 Qxc5 13.Nxd4 Nd5 14.Bf2 Nxd4 15.Bxd4 Qc7 16.Nd2
Bb7 17.Qb3 Qd7 18.Ne4 Qc7 19.Qxb5 Rfd8 20.Rac1 Bc6 21.Qc4 Rac8 22.Bc5 Nb6 23.
Qa6 Bxe4 24.Bxb6 axb6 25.Bxe4 f6 26.d4 fxe5 27.fxe5 Bh6 28.Rc2 Rf8 29.Qb7
Rxf1+ 30.Kxf1 Qc4+ 31.Kg2 Rf8 32.Bf3 Qd3 33.Re2 Qxc3 34.Qc6 Qxd4 35.Qxe6+ Kh8
36.Qd5 Qxd5 37.Bxd5 Re8 38.Bc6 Re7 39.e6 Kg7 40.Bd7 Bc1 41.Kf3 Kf6 42.Ke4 Rg7
43.Kd5 Ba3 44.Kc6 Bc5 45.a4 Bd4 46.Re1 Ke7 47.Rf1 h5 48.Kd5 Be3 49.Ke4 Bc5 50.
Rf3 Bg1 51.h3 Bc5 52.Kf4 Kf6 1/2-1/2

[Event "Preferente"]
[Site ""]
[Date "????.??.??"]
[Round "3.12"]
[White "GUTIÉRREZ José Antonio"]
[Black "ARJOL Daniel"]
[Result "0-1"]
[WhiteElo "1983"]
[BlackElo "1878"]

1.d4 d5 2.Nf3 c6 3.e3 e6 4.Bd3 Nf6 5.Nbd2 Nbd7 6.O-O Bd6 7.Re1 O-O 8.e4 dxe4
9.Nxe4 Nxe4 10.Rxe4 Be7 11.Qe2 c5 12.dxc5 Bf6 13.Rc4 Qe7 14.Qe3 g6 15.Rb1 b5
16.Rg4 Qxc5 17.Qxc5 Nxc5 18.Bxb5 Rb8 19.a4 a6 20.Be3 axb5 21.Bxc5 Rd8 22.axb5
Rxb5 23.b4 e5 24.Re4 Bb7 25.Re2 e4 26.Rd2 exf3 27.Rxd8+ Bxd8 28.c4 Be4 29.Re1
Rxc5 30.Rxe4 Rc8 31.Re8+ Kg7 32.gxf3 f5 33.c5 Kf7 34.Rh8 Ke6 35.c6 Kd6 36.b5
Rb8 37.Rxh7 Bb6 38.Rg7 Kc5 39.Rxg6 Kxb5 40.Rf6 Rg8+ 41.Kf1 Rg5 42.f4 Rh5 43.
Kg2 Bc7 44.Kg3 Kc5 45.Rg6 Bd6 46.h4 Kxc6 47.Rg5 Rxg5+ 48.hxg5 Kd5 49.Kh4 Bxf4
50.g6 Ke6 51.Kh3 Kf6 52.Kg2 Kxg6 53.Kf3 Kg5 54.Kg2 Kg4 55.Kg1 Kf3 56.Kh1 Bg3
57.fxg3 Kxg3 58.Kg1 f4 59.Kf1 Kf3 60.Kg1 Ke2 0-1

[Event "Preferente"]
[Site ""]
[Date "????.??.??"]
[Round "3.13"]
[White "BROSA Jesús"]
[Black "URRIOLABEITIA Ander"]
[Result "1-0"]
[WhiteElo "1977"]
[BlackElo "1695"]

1.d4 d5 2.Nf3 Nf6 3.Bg5 Ne4 4.Bf4 Bf5 5.c4 e6 6.Nc3 Bb4 7.Qb3 Nc6 8.cxd5 Qxd5
9.Qxd5 exd5 10.Rc1 Rc8 11.e3 a6 12.Be2 O-O 13.O-O Rfd8 14.Nxe4 dxe4 15.Ne5
Nxe5 16.Bxe5 Bd6 17.Bxd6 Rxd6 18.Rc5 Be6 19.a3 f6 20.Rfc1 c6 21.b4 Kf7 22.a4
Rd5 23.R5c3 Rg5 24.h4 Rd5 25.f3 f5 26.b5 axb5 27.axb5 Rd6 28.Rc5 Rd5 29.R5c3
Rd6 30.fxe4 fxe4 31.Rc5 Rd5 32.bxc6 Rxc5 33.Rxc5 Rxc6 34.Rxc6 bxc6 35.Kf2 Kf6
36.Kg3 g5 37.Bg4 Bd5 38.Bd7 h5 39.Be8 gxh4+ 40.Kxh4 Kg7 41.Kxh5 Kh7 42.Kg5 Kg7
43.Kf5 Kf8 44.Bg6 Kg7 45.Kg5 Kg8 46.Kf4 1-0

[Event "Preferente"]
[Site ""]
[Date "????.??.??"]
[Round "3.14"]
[White "SÁNCHEZ Roberto"]
[Black "CIRERA Alberto"]
[Result "1/2-1/2"]
[WhiteElo "2030"]
[BlackElo "1817"]

1.e4 c5 2.Nf3 d6 3.d4 cxd4 4.Bb5+ Nd7 5.Qxd4 a6 6.Bc4 e6 7.a4 Ngf6 8.O-O Be7
9.e5 dxe5 10.Nxe5 Bc5 11.Qc3 Ne4 12.Qf3 Nd6 13.Nxd7 Bxd7 14.Bd3 Qh4 15.Nc3 Bc6
16.Qf4 Qe7 17.Qg5 Qxg5 18.Bxg5 O-O 19.Rfe1 h6 20.Be3 Bb4 21.Bd2 Rfd8 22.Re2
Bc5 23.Be3 Bxe3 24.Rxe3 b5 25.axb5 axb5 26.Ree1 Kf8 27.f3 b4 28.Ne2 Bb5 29.Nf4
g5 30.Rxa8 Rxa8 31.Bxb5 Nxb5 32.Nd3 Ke7 33.Nxb4 Kd6 34.Rd1+ Ke5 35.Kf2 Nd4 36.
g4 Ra4 37.Nd3+ Kf6 38.Nc5 Rc4 39.Ne4+ Ke5 40.c3 Nxf3 41.Kxf3 Rxe4 42.b3 f5 43.
gxf5 exf5 44.Rd8 g4+ 45.Kf2 Kf4 46.b4 Ke5 47.Re8+ Kd5 48.Rxe4 fxe4 49.Ke3 h5
50.b5 h4 51.b6 Kc6 52.Kxe4 Kxb6 53.Kf4 g3 54.hxg3 hxg3 55.Kxg3 1/2-1/2

[Event "Preferente"]
[Site ""]
[Date "????.??.??"]
[Round "3.15"]
[White "ÁLVAREZ Miguel Ángel"]
[Black "ECHARTE Óscar"]
[Result "0-1"]
[WhiteElo "1907"]
[BlackElo "2131"]

1.c4 c5 2.Nc3 g6 3.g3 Bg7 4.Bg2 Nc6 5.Nf3 d6 6.O-O e5 7.Ne1 Nge7 8.Nc2 O-O 9.
Ne3 f5 10.f4 exf4 11.gxf4 Be6 12.Ned5 Qd7 13.d3 Bf7 14.Rb1 Rfe8 15.e3 Rad8 16.
Qf3 Nxd5 17.Nxd5 Ne7 18.Nxe7+ Rxe7 19.b4 b6 20.Qc6 cxb4 21.Qxd7 Rexd7 22.Rxb4
d5 23.cxd5 Bxd5 24.Bxd5+ Rxd5 25.d4 Rc8 26.Bb2 Ra5 27.a3 Bf8 28.Rb3 Rc4 29.Rc1
Raa4 30.Rcc3 Kf7 31.Kf2 Ke6 32.Ke2 Kd5 33.Kd3 Rxc3+ 34.Rxc3 Bd6 35.h3 b5 36.
Rb3 a6 37.Bc1 h6 38.Bb2 Rc4 39.Bc3 g5 40.fxg5 hxg5 41.Bd2 Rc8 42.Bb4 Rh8 43.
Bxd6 Kxd6 44.a4 bxa4 45.Rb6+ Kc7 46.Rxa6 Rxh3 47.Rxa4 f4 48.Ke4 Rxe3+ 49.Kf5
Rg3 50.Ke4 f3 51.Ra1 g4 52.Rf1 Rg2 0-1

[Event "Preferente"]
[Site ""]
[Date "????.??.??"]
[Round "3.16"]
[White "MARTÍN Roberto"]
[Black "ROQUE Gisela"]
[Result "1-0"]
[WhiteElo "1967"]
[BlackElo "1901"]

1.d4 e6 2.Nf3 Nf6 3.g3 b6 4.Bg2 Bb7 5.O-O Be7 6.c3 O-O 7.a4 a5 8.Na3 d6 9.Nc2
Nbd7 10.Nce1 c5 11.Nd3 Rc8 12.e3 Qc7 13.Bd2 Qb8 14.Bc1 Qa8 15.Nfe1 Bxg2 16.
Nxg2 Rfe8 17.Ngf4 Bf8 18.Nh5 e5 19.Nxf6+ Nxf6 20.Ne1 h6 21.Nc2 Nh7 22.d5 e4
23.c4 Ng5 24.Ne1 Be7 25.Bd2 Qb7 26.Qg4 Bf6 27.Rb1 Qe7 28.Bc3 Rb8 29.h4 Nh7 30.
Nc2 Nf8 31.Na3 Nd7 32.Nb5 Rb7 33.Qf4 Bxc3 34.bxc3 Ne5 35.Qxe4 Qf6 36.f4 1-0

[Event "Preferente"]
[Site ""]
[Date "????.??.??"]
[Round "3.17"]
[White "GASPAR Luis Alberto"]
[Black "MONTES Diego"]
[Result "1-0"]
[WhiteElo "1944"]
[BlackElo "1819"]

1.e4 e5 2.Nf3 Nc6 3.Bb5 d6 4.d4 Bd7 5.c3 f6 6.O-O Nge7 7.Be3 Ng6 8.Nbd2 Be7 9.
a4 O-O 10.Bc4+ Kh8 11.Re1 f5 12.exf5 Bxf5 13.dxe5 Ngxe5 14.Nxe5 Nxe5 15.Ba2
Nd3 16.Re2 Ne5 17.Qb3 Bd3 18.Ree1 Bg5 19.c4 Bxe3 20.Rxe3 Bg6 21.Rae1 Ng4 22.
Rg3 Rxf2 23.Rxg4 Rxd2 24.Rxg6 hxg6 25.Qh3+ Kg8 26.Qe3 Rxb2 27.Qe6+ Kh7 28.Re3
Qh4 29.Rh3 Qxh3 30.Qxh3+ Kg8 31.c5+ Rxa2 32.Qb3+ Kf8 33.Qxa2 Ke7 34.Qd5 Rb8
35.a5 a6 36.h3 dxc5 37.Qxc5+ Kd7 38.Qd4+ Kc6 39.Qxg7 1-0

[Event "Preferente"]
[Site ""]
[Date "????.??.??"]
[Round "3.18"]
[White "DE LA RIVA Eduardo"]
[Black "TORCAL Alfonso"]
[Result "1-0"]
[WhiteElo "1933"]
[BlackElo "1728"]

1.e4 d5 2.exd5 Qxd5 3.Nc3 Qd6 4.d4 Nf6 5.Bd3 g6 6.Nge2 Bg7 7.O-O O-O 8.Nb5 Qb6
9.c4 c6 10.Nbc3 Nbd7 11.Qc2 c5 12.Na4 Qc7 13.Nxc5 Nxc5 14.dxc5 Qxc5 15.a3 b6
16.Be3 Qc7 17.f3 Bb7 18.Rac1 Nd7 19.b4 Qe5 20.Bd4 Qe6 21.Bxg7 Qe3+ 22.Kh1 Kxg7
23.Ng3 Ne5 24.Qc3 f6 25.Be4 Qxc3 26.Rxc3 Bxe4 27.Nxe4 Rfd8 28.c5 f5 29.Ng5 Rd3
30.Rxd3 Nxd3 31.c6 b5 32.Kg1 Rc8 33.Ne6+ Kf6 34.Nd4 a6 35.Rd1 Nb2 36.Rc1 Nc4
37.a4 Ke5 38.axb5 Kxd4 39.bxa6 Rxc6 40.b5 Rc7 41.Rxc4+ Rxc4 42.b6 Ke3 43.h3
Kf4 44.Kh2 1-0

[Event "Preferente"]
[Site ""]
[Date "????.??.??"]
[Round "3.20"]
[White "LEBRÓN José María"]
[Black "ROMERO Daniel"]
[Result "0-1"]
[WhiteElo "1818"]
[BlackElo "2052"]

1.e4 g6 2.d4 Bg7 3.Nc3 d6 4.Be3 Nf6 5.Qd2 a6 6.f3 b5 7.Bd3 Bb7 8.h4 e5 9.dxe5
dxe5 10.Rd1 Nbd7 11.Qf2 h5 12.Nh3 Qe7 13.a3 c5 14.Nd5 Bxd5 15.exd5 Qd6 16.c4
Rb8 17.Ng5 O-O 18.b3 bxc4 19.bxc4 Rb3 20.a4 e4 21.Bxe4 Nxe4 22.Nxe4 Qe5 23.O-O
Rxe3 24.Qxe3 f5 25.Qg5 fxe4 26.Qxe5 Nxe5 27.fxe4 Nxc4 28.Rxf8+ Kxf8 29.Rb1
Bd4+ 30.Kh2 Ke7 31.Rb7+ Kf6 32.Ra7 a5 33.Ra6+ Ke7 34.Rxg6 Ne5 35.Rg7+ Kd6 36.
Ra7 c4 37.Ra8 c3 38.Rf8 c2 39.Rf1 Be3 0-1

[Event "Preferente"]
[Site ""]
[Date "????.??.??"]
[Round "3.21"]
[White "SOLERA Roberto"]
[Black "NAVARRO Jesús"]
[Result "1-0"]
[WhiteElo "1919"]
[BlackElo "1850"]

1.e4 c5 2.Nc3 Nc6 3.f4 d6 4.Nf3 Nf6 5.Bc4 e6 6.O-O Be7 7.d3 O-O 8.h3 Na5 9.Bb3
a6 10.e5 Nd7 11.exd6 Bxd6 12.Ne4 Nxb3 13.axb3 Be7 14.Be3 Qc7 15.Qe1 Nf6 16.
Nxf6+ Bxf6 17.Rb1 Bd7 18.Qf2 b6 19.b4 cxb4 20.Bxb6 Qb7 21.Bc5 Rfc8 22.Ne5 Be8
23.Nc4 Be7 24.Bxe7 Qxe7 25.Nb6 a5 26.Nxc8 Rxc8 27.b3 Bc6 28.Ra1 Qd8 29.f5 exf5
30.Qxf5 Bd5 31.Qf2 Rc6 32.Rae1 Rg6 33.Re4 h5 34.Rd4 Qg5 35.g4 Be6 36.Qg3 hxg4
37.h4 Qc5 38.Qe3 Qh5 39.Rd8+ Kh7 40.Qg3 Qc5+ 41.Rf2 Rh6 42.d4 Qe7 43.Qb8 Qxh4
44.Rh8+ Kg6 45.Rxh6+ Qxh6 46.Qe5 Qg5 47.Qe4+ Bf5 48.Qc6+ Qf6 49.d5 Kg5 50.
Qxf6+ Kxf6 51.d6 1-0

[Event "Preferente"]
[Site ""]
[Date "????.??.??"]
[Round "4.1"]
[White "PALACIOS Pablo"]
[Black "FABRE José María"]
[Result "0-1"]
[WhiteElo "2021"]
[BlackElo "2027"]

1.e4 e6 2.d4 d5 3.e5 c5 4.c3 Nc6 5.Nf3 Qb6 6.a3 Nh6 7.b4 cxd4 8.cxd4 Nf5 9.Bb2
Bd7 10.g4 Nfe7 11.Nc3 Na5 12.Rc1 Nc4 13.Bxc4 dxc4 14.Ne4 Ng6 15.Nfd2 Qc6 16.
Rxc4 Qd5 17.Rg1 b5 18.Rc1 a5 19.bxa5 b4 20.axb4 Bxb4 21.Nc5 Nf4 22.Nxd7 Qe4+
23.Kf1 Qd3+ 24.Ke1 Qb5 25.Rg3 Kxd7 26.Bc3 Rhc8 27.Bxb4 Rxc1 28.Qxc1 Qe2# 0-1

[Event "Preferente"]
[Site ""]
[Date "????.??.??"]
[Round "4.2"]
[White "CHUECA Javier"]
[Black "BAQUEDANO Pablo"]
[Result "0-1"]
[WhiteElo "2029"]
[BlackElo "1911"]

1.c4 e5 2.g3 g6 3.Bg2 Bg7 4.Nc3 Nc6 5.Nf3 d6 6.d3 f5 7.O-O h6 8.Rb1 Nf6 9.b4
O-O 10.b5 Ne7 11.a4 Be6 12.Ba3 Rc8 13.c5 b6 14.cxd6 cxd6 15.Rc1 Qd7 16.e4 Rfd8
17.Nd2 f4 18.Qe2 g5 19.Nc4 Ne8 20.Bb4 Ng6 21.a5 Rb8 22.axb6 axb6 23.Rb1 g4 24.
f3 Rb7 25.Na4 Qxb5 26.Nc3 Qd7 27.Qf2 Qc6 28.Rfc1 Bxc4 29.dxc4 Qxc4 30.Bf1 Qd4
31.fxg4 Nf6 32.Qxd4 exd4 33.Ne2 Nxe4 34.Bg2 d5 35.gxf4 d3 36.Ng3 Re8 37.f5 Nf4
38.Nxe4 dxe4 39.Re1 Ne2+ 40.Kf1 Bc3 41.Rxe2 dxe2+ 42.Kxe2 Bd4 43.Rd1 Bc5 44.
Bxc5 bxc5 45.Ke3 Rb3+ 46.Kf4 Rd3 47.Re1 e3 48.Be4 Rd4 49.Rxe3 c4 50.Kf3 Kg7
51.Bc2 Rxe3+ 52.Kxe3 Rxg4 53.Bd1 Rh4 54.Be2 Kf6 55.h3 Kxf5 56.Bg4+ Rxg4 0-1

[Event "Preferente"]
[Site ""]
[Date "????.??.??"]
[Round "4.3"]
[White "MUÑOZ Luis Alberto"]
[Black "GOÑI Pablo"]
[Result "1-0"]
[WhiteElo "1951"]
[BlackElo "2008"]

1.e4 c5 2.Nf3 e6 3.d3 Be7 4.g3 Nf6 5.Bg2 O-O 6.O-O Nc6 7.Re1 b5 8.Nbd2 d5 9.e5
Nd7 10.Nf1 Rb8 11.h4 Qc7 12.Bf4 d4 13.N1h2 Nb6 14.Ng5 h6 15.Qh5 Bb7 16.Ng4 Nb4
17.Ne4 N6d5 18.Nef6+ Kh8 19.Bxh6 g6 20.Qg5 Nxf6 21.exf6 Rg8 22.fxe7 Nxc2 23.
Bf8 Rg7 24.Bxg7+ Kxg7 25.Qh6+ Kg8 26.Nf6# 1-0